000
00337nam a2200133Ia 4500
008
240624s9999 xx 000 0 und d
041
_a
eng
082
_a
658.4052 RAO
100
_a
RAO S L
245
_a
NEGOTIATION EVERYONE MUST WIN MADE SIMPL
260
_c
2005
_a
New Delhi
_b
Excel Books
300
_a
xi, : 214 : cm. ; 24
365
_c
RS
999
_c
3752
_d
3752